Miasta w Iraku czy w Iranie? - klikanie - Statystyki

Ogólne statystyki
  • Ten quiz został rozwiązany 28 razy
  • Średni wynik to 14 z 16
Statystyki odpowiedzi
Hint Odpowiedź % Poprawnych
Basra Irak
100%
Teheran Iran
100%
Bagdad Irak
96%
Isfahan Iran
96%
Mosul Irak
91%
Meszhed Iran
91%
An-Nadżaf Irak
87%
Karadż Iran
87%
Kom Iran
87%
Kirkuk Irak
83%
Sziraz Iran
83%
Karbala Irak
78%
Tebriz Iran
78%
Irbil Irak
70%
As-Sulajmanijja Irak
70%
Ahwaz Iran
70%
Nie znaleziono quizów pasujących do podanych kryteriów
Rozkład punktacji
Procent ludzi z każdym wynikiem
Percentyl według liczby udzielonych odpowiedzi
Twoja historia wyników
Nie rozwiązałeś tego quizu